000 00882cam a2200253 a 4500
020 _a2748328205
040 _cTZT
082 0 4 _a333 PUB 2006 A065 Or.
245 0 0 _aEnvironnement :
_bles bons "plants" des Africains /
246 3 0 _aBons "plants" des Africains
260 _a[Paris, France] :
_bPublibook,
_c[2006?]
300 _a135 p. :
_bill. ;
_c24 cm.
500 _a"Les articles qui composent ce livre ont tous été rédigés par les journalistes de Syvia International ... Coordination: Marie-Agnès Leplaideur et Denise Williams"--P. [3].
650 0 _aSustainable development
650 0 _aEnvironmental policy
650 0 _aAgriculture and state
650 0 _aNatural resources
650 0 _aDeforestation
650 0 _aForest ecology
700 1 _aLeplaideur, Marie-Agnès.
700 1 _aWilliams, Denise.
710 2 _aSyfia (Press Agency)
942 _cEK
999 _c14206
_d14206